[Event "Zhukovsky op-B"]
[Site "Zhukovsky"]
[Date "2010.01.??"]
[Round "5"]
[White "Kuznetsov, Yuriy"]
[Black "Malashenko, Alyona"]
[Result "0-1"]
[WhiteElo "1760"]
[BlackElo "2120"]
[PlyCount "56"]
[EventDate "2010.01.??"]
[EventType "swiss"]
[EventRounds "7"]
[EventCountry "RUS"]
[SourceTitle "EXT 2012"]
[Source "ChessBase"]
[SourceDate "2011.11.24"]
[SourceVersion "1"]
[SourceVersionDate "2011.11.24"]
[SourceQuality "1"]

1. d4 Nf6 2. c4 e6 3. Nf3 Bb4+ 4. Bd2 Qe7 5. Nc3 Nc6 6. e3 Bxc3 7. Bxc3 Ne4 8. Be2 Nxc3 9. bxc3 b6 10. 0-0 0-0 11. e4 d6 12. Bd3 e5 13. h3 Ba6 14. Qe2 Rae8 15. Rfe1 Qf6 16. Qe3 Re7 17. Rab1 Na5 18. c5 Bxd3 19. Qxd3 Rfe8 20. dxe5 dxe5 21. Qd5 c6 22. Qd3 b5 23. a4 a6 24. Nd2 Qe6 25. Rb4 Rd7 26. Qe3 Red8 27. Re2 g6 28. Kh2 Rd3 0-1

[Event "RUS-chT (Women)"]
[Site "Sochi"]
[Date "2005.04.??"]
[Round "6"]
[White "Malashenko, Alyona"]
[Black "Cherenkova, Kristina"]
[Result "1/2-1/2"]
[WhiteElo "2166"]
[BlackElo "2307"]
[PlyCount "107"]
[EventDate "2005.04.19"]
[EventType "team"]
[EventRounds "11"]
[EventCountry "RUS"]
[SourceTitle "CBM 105 Extra"]
[Source "ChessBase"]
[SourceDate "2005.05.01"]
[SourceVersion "1"]
[SourceVersionDate "2005.05.01"]
[SourceQuality "1"]

1. e4 c5 2. Nf3 Nc6 3. c4 Qc7 4. Nc3 e6 5. d4 cxd4 6. Nxd4 Nf6 7. Ndb5 Qb8 8. a3 a6 9. Nd4 Nxe4 10. Nxc6 Nxc3 11. Nxb8 Nxd1 12. Nxa6 bxa6 13. Kxd1 a5 14. b3 Bb7 15. f3 Bc5 16. Bb2 f6 17. Bd3 Kf7 18. Kc2 d5 19. Rhe1 Bd6 20. h3 Rhc8 21. Bc3 Ba6 22. cxd5 Be5 23. dxe6+ Kxe6 24. Bc4+ Bxc4 25. Bxe5 fxe5 26. bxc4 Rxc4+ 27. Kb3 Rac8 28. Re2 a4+ 29. Kb2 R8c5 30. Rd1 Rb5+ 31. Ka2 Rc3 32. Rb2 Rxb2+ 33. Kxb2 Rb3+ 34. Ka2 Re3 35. Rb1 Kf5 36. Rb4 Re2+ 37. Kb1 Rxg2 38. Rxa4 Rg3 39. Rg4 Rxf3 40. Rxg7 Rxh3 41. a4 h5 42. Rh7 Kg4 43. Rg7+ Kh4 44. Kb2 Rd3 45. Re7 Rd5 46. Kb3 Kg3 47. Kb4 h4 48. Rg7+ Kf2 49. Rf7+ Ke2 50. a5 e4 51. Rh7 e3 52. Rxh4 Kd2 53. Rh2+ e2 54. a6 1/2-1/2

[Event "RUS-chT1 (Women)"]
[Site "Sochi"]
[Date "2004.04.24"]
[Round "5.4"]
[White "Parkhomenko, Ekaterina"]
[Black "Malashenko, Alyona"]
[Result "0-1"]
[WhiteElo "2119"]
[BlackElo "2162"]
[PlyCount "70"]
[EventDate "2004.04.20"]
[EventType "team-tourn"]
[EventRounds "9"]
[EventCountry "RUS"]
[SourceTitle "CBM 100 Extra"]
[Source "ChessBase"]
[SourceDate "2004.07.06"]
[SourceVersion "2"]
[SourceVersionDate "2004.07.06"]
[SourceQuality "1"]
[WhiteTeam "08"]
[BlackTeam "06"]
[WhiteTeamCountry "RUS"]
[BlackTeamCountry "RUS"]

1. d4 g6 2. c4 Bg7 3. Nc3 Nf6 4. e4 d6 5. Nf3 0-0 6. Be2 Nc6 7. 0-0 e5 8. d5 Ne7 9. b4 a5 10. Ba3 b6 11. bxa5 Rxa5 12. Bb4 Ra8 13. a4 Ne8 14. Nd2 f5 15. Nb5 Bd7 16. a5 bxa5 17. Bxa5 fxe4 18. Nxe4 Rxa5 19. Rxa5 c6 20. Ra7 cxb5 21. cxb5 Rf4 22. Bd3 Nc8 23. Rb7 Nb6 24. Qa1 Bc8 25. Ra7 Nf6 26. Nxf6+ Bxf6 27. Qa2 e4 28. Be2 Bd4 29. Qd2 Qf6 30. Bd1 Nc4 31. Qa2 Nb2 32. Ra8 Rxf2 33. Rxc8+ Kg7 34. Rc7+ Kh6 35. Bf3 Rxf3+ 0-1

[Event "RUS-chT1 (Women)"]
[Site "Sochi"]
[Date "2004.04.22"]
[Round "3.4"]
[White "Chistiakova, Tamara"]
[Black "Malashenko, Alyona"]
[Result "1-0"]
[WhiteElo "2297"]
[BlackElo "2162"]
[PlyCount "117"]
[EventDate "2004.04.20"]
[EventType "team-tourn"]
[EventRounds "9"]
[EventCountry "RUS"]
[SourceTitle "CBM 100 Extra"]
[Source "ChessBase"]
[SourceDate "2004.07.06"]
[SourceVersion "2"]
[SourceVersionDate "2004.07.06"]
[SourceQuality "1"]
[WhiteTeam "02"]
[BlackTeam "06"]
[WhiteTeamCountry "RUS"]
[BlackTeamCountry "RUS"]

1. Nf3 Nf6 2. c4 g6 3. g3 Bg7 4. d4 0-0 5. Nc3 d6 6. Bg2 c6 7. 0-0 h6 8. b3 Be6 9. Bb2 Qd7 10. Re1 Na6 11. e4 Bg4 12. e5 Ne8 13. Qe2 Nec7 14. Qf1 Bxf3 15. Bxf3 dxe5 16. dxe5 Nc5 17. b4 N5e6 18. Ne4 Nd4 19. Bxd4 Qxd4 20. Nc5 Qc3 21. Bg4 b6 22. Nd7 Rfd8 23. b5 cxb5 24. cxb5 Qb4 25. Bh3 Qxb5 26. Rac1 Qxf1+ 27. Kxf1 Nd5 28. e6 Nf6 29. exf7+ Kxf7 30. Ne5+ Kg8 31. Nxg6 e5 32. Nxe5 Re8 33. f4 Rad8 34. Nc6 Rxe1+ 35. Rxe1 Rd2 36. Re2 Rd1+ 37. Kg2 a6 38. Be6+ Kf8 39. Ne5 Ke7 40. Bb3 Rb1 41. Nc4+ Kd8 42. Nxb6 Bf8 43. Nc4 Bc5 44. Ne5 Kc7 45. Nd3 Bd4 46. Re1 Rxe1 47. Nxe1 Ne4 48. Nf3 Bc3 49. g4 Kd7 50. h4 Ke7 51. g5 hxg5 52. fxg5 Nd2 53. Nxd2 Bxd2 54. Kf3 Kf8 55. Kg4 Kg7 56. h5 Kh7 57. h6 a5 58. Kh5 Kh8 59. g6 1-0

[Event "Russia-chB (Women)"]
[Site "Kolontaevo"]
[Date "1998.??.??"]
[Round "?"]
[White "Ubiennykh, Ekaterina"]
[Black "Malashenko, Alyona"]
[Result "0-1"]
[WhiteElo "2285"]
[BlackElo "2150"]
[PlyCount "124"]
[EventDate "1998.??.??"]
[EventType "swiss"]
[EventRounds "9"]
[EventCountry "RUS"]
[SourceTitle "EXT 2000"]
[Source "ChessBase"]
[SourceDate "1999.11.16"]
[SourceVersion "1"]
[SourceVersionDate "1999.11.16"]
[SourceQuality "1"]

1. e4 d6 2. d4 Nf6 3. Nc3 g6 4. Be3 Bg7 5. f3 0-0 6. Qd2 e5 7. dxe5 dxe5 8. 0-0-0 Qxd2+ 9. Rxd2 Be6 10. g4 Nc6 11. Nd5 Rac8 12. Bb5 Bxd5 13. exd5 Nd4 14. Bxd4 exd4 15. Rxd4 Rfd8 16. d6 Ne8 17. Rd3 Nxd6 18. Ba4 Nc4 19. Ne2 Bxb2+ 20. Kb1 Bg7 21. Bb3 Rxd3 22. cxd3 Nd2+ 23. Kc2 Nxf3 24. Rf1 Ng5 25. Nf4 Re8 26. h4 Ne6 27. Nxe6 fxe6 28. Bc4 c6 29. a4 Bd4 30. Rf3 Kg7 31. Rf1 Re7 32. Rf4 Bf6 33. g5 Be5 34. Re4 Bg3 35. Rg4 Bc7 36. Re4 e5 37. Kd2 Rd7 38. Be6 Rd4 39. Kc3 Ba5+ 40. Kc2 Rxe4 41. dxe4 Be1 42. Bc8 b6 43. h5 Bh4 44. hxg6 hxg6 45. Bb7 c5 46. Kd3 Bxg5 47. Kc4 Be3 48. Kb5 Kh6 49. Bd5 g5 50. Bc4 g4 51. Ka6 Bd2 52. Kxa7 Ba5 53. Kb7 Kg5 54. Kc6 Kf4 55. Kd5 g3 56. Bf1 Bc3 57. Kc4 Bd4 58. Kb5 Kf3 59. Bc4 g2 60. Kxb6 Bc3 61. Kxc5 g1Q+ 62. Kd6 Kxe4 0-1

[Event "RUS-ch (Women)"]
[Site "Elista"]
[Date "1997.09.22"]
[Round "4"]
[White "Malashenko, Alyona"]
[Black "Strutinskaya, Galina N"]
[Result "0-1"]
[WhiteElo "2200"]
[BlackElo "2305"]
[PlyCount "80"]
[EventDate "1997.09.19"]
[EventType "swiss"]
[EventRounds "11"]
[EventCountry "RUS"]
[SourceTitle "EXT 1998"]
[Source "ChessBase"]
[SourceDate "1997.11.17"]
[SourceVersion "1"]
[SourceVersionDate "1997.11.17"]
[SourceQuality "1"]

1. e4 c5 2. Nf3 Nc6 3. d4 cxd4 4. Nxd4 Nf6 5. Nc3 e6 6. Ndb5 d6 7. Bf4 e5 8. Bg5 a6 9. Na3 b5 10. Bxf6 gxf6 11. Nd5 f5 12. c3 Bg7 13. exf5 Bxf5 14. Nc2 Be6 15. Nce3 Ne7 16. Nxe7 Qxe7 17. Bd3 d5 18. 0-0 0-0 19. Qh5 e4 20. Bc2 f5 21. Bb3 Rad8 22. Rad1 Qc5 23. Rd2 Kh8 24. Rfd1 f4 25. Nxd5 e3 26. Re2 Rf5 27. Qh4 Rdxd5 28. Bxd5 Bxd5 29. fxe3 h6 30. Qf2 f3 31. Rxd5 Rxd5 32. Qxf3 Rd1+ 33. Kf2 Rd8 34. Qg4 Qd5 35. a3 Qd1 36. h3 Rf8+ 37. Kg3 Qd6+ 38. Kh4 Qe7+ 39. Kh5 Qe5+ 40. Kg6 Rf6# 0-1

[Event "Voronezh sim"]
[Site "Voronezh"]
[Date "1997.??.??"]
[Round "?"]
[White "Karpov, Anatoly"]
[Black "Malashenko, Alyona"]
[Result "1-0"]
[WhiteElo "2760"]
[BlackElo "2250"]
[PlyCount "57"]
[EventDate "1997.??.??"]
[EventType "simul"]
[EventRounds "1"]
[EventCountry "RUS"]
[SourceTitle "EXT 2000"]
[Source "ChessBase"]
[SourceDate "1999.11.16"]
[SourceVersion "1"]
[SourceVersionDate "1999.11.16"]
[SourceQuality "1"]

1. d4 Nf6 2. c4 g6 3. Nc3 Bg7 4. e4 d6 5. f3 0-0 6. Be3 e5 7. Nge2 Nc6 8. d5 Na5 9. Nc1 c5 10. Qd2 Nh5 11. a3 b6 12. b4 Nb7 13. Nd3 f5 14. 0-0-0 cxb4 15. axb4 Qc7 16. c5 bxc5 17. bxc5 dxc5 18. Nb2 Nd6 19. Nb5 Nxb5 20. Bxb5 Qb6 21. Bc6 Rb8 22. Qc3 fxe4 23. fxe4 Nf4 24. Kc2 Qa6 25. Ra1 Qe2+ 26. Qd2 Qxg2 27. Qxg2 Nxg2 28. Bxc5 Rd8 29. Nc4 1-0

[Event "Frydek Mistek (Women)"]
[Site "Frydek Mistek"]
[Date "1997.??.??"]
[Round "?"]
[White "Malashenko, Alyona"]
[Black "Rajlich, Iweta"]
[Result "1-0"]
[WhiteElo "2250"]
[BlackElo "2220"]
[PlyCount "55"]
[EventDate "1997.??.??"]
[EventType "tourn"]
[EventRounds "9"]
[EventCountry "CZE"]
[SourceTitle "EXT 1998"]
[Source "ChessBase"]
[SourceDate "1997.11.17"]
[SourceVersion "1"]
[SourceVersionDate "1997.11.17"]
[SourceQuality "1"]

1. e4 e6 2. d4 d5 3. Nc3 Nf6 4. Bg5 Bb4 5. e5 h6 6. Bd2 Bxc3 7. bxc3 Ne4 8. Qg4 Kf8 9. h4 c5 10. Bd3 Nxd2 11. Kxd2 cxd4 12. cxd4 Bd7 13. Rh3 h5 14. Qf4 Nc6 15. Rf3 Be8 16. Nh3 Qb6 17. Ng5 Nd8 18. Rc1 Rc8 19. Nh7+ Rxh7 20. Bxh7 Qb2 21. Bg6 Rc4 22. Bd3 Qc3+ 23. Ke2 Rxd4 24. Qg5 Nc6 25. Kf1 Rg4 26. Qxh5 Qd2 27. Re1 Rxg2 28. Re2 1-0

[Event "Frydek Mistek (Women)"]
[Site "Frydek Mistek"]
[Date "1997.??.??"]
[Round "?"]
[White "Malashenko, Alyona"]
[Black "Semenova, Irina"]
[Result "0-1"]
[WhiteElo "2250"]
[BlackElo "2255"]
[PlyCount "86"]
[EventDate "1997.??.??"]
[EventType "tourn"]
[EventRounds "9"]
[EventCountry "CZE"]
[SourceTitle "EXT 1998"]
[Source "ChessBase"]
[SourceDate "1997.11.17"]
[SourceVersion "1"]
[SourceVersionDate "1997.11.17"]
[SourceQuality "1"]

1. e4 e5 2. Nf3 Nc6 3. d4 exd4 4. Nxd4 Qf6 5. Nxc6 Bc5 6. Qf3 Qxf3 7. gxf3 bxc6 8. Nd2 Ne7 9. Nb3 Bb6 10. c4 c5 11. Be3 d6 12. f4 Bb7 13. f3 f5 14. Bg2 0-0 15. 0-0 Ng6 16. Rad1 Rae8 17. e5 Ba6 18. Rc1 Bc8 19. Rfe1 a5 20. exd6 cxd6 21. Rcd1 a4 22. Nd2 Ba5 23. Kf2 Re7 24. Rh1 Rfe8 25. Nf1 Rb7 26. Bc1 Be6 27. Ne3 Nxf4 28. Rxd6 Bc7 29. Rd2 Be5 30. Rhd1 Bd4 31. Rc2 Bd7 32. Kg3 Bxe3 33. Bxe3 Nxg2 34. Bxc5 Ne3 35. Bxe3 Rxe3 36. Kf4 Re7 37. c5 Bc6 38. Kxf5 Rb4 39. Rd6 Bxf3 40. Rd8+ Kf7 41. Rf2 g6+ 42. Kg5 Re5+ 43. Kh6 Rh5# 0-1

[Event "RUS-ch (Women) sf1"]
[Site "Kolontaevo"]
[Date "1997.??.??"]
[Round "?"]
[White "Mashinskaya, Iulia"]
[Black "Malashenko, Alyona"]
[Result "1-0"]
[WhiteElo "2240"]
[BlackElo "2250"]
[PlyCount "79"]
[EventDate "1997.??.??"]
[EventType "tourn"]
[EventRounds "11"]
[EventCountry "RUS"]
[SourceTitle "EXT 1999"]
[Source "ChessBase"]
[SourceDate "1998.11.16"]
[SourceVersion "1"]
[SourceVersionDate "1998.11.16"]
[SourceQuality "1"]

1. e4 d6 2. d4 Nf6 3. Nc3 g6 4. h3 Bg7 5. Be3 c6 6. g4 b5 7. a3 a5 8. Nge2 Na6 9. Ng3 h5 10. Bg2 hxg4 11. e5 Nd5 12. Nxd5 cxd5 13. Bxd5 Rb8 14. e6 gxh3 15. Qf3 fxe6 16. Bc6+ Bd7 17. Be4 Bc8 18. Bxg6+ Kd7 19. Be4 Kc7 20. Ne2 Bb7 21. Bd2 Bxe4 22. Qxe4 Kd7 23. Nf4 Rh6 24. Rxh3 Rxh3 25. Qxe6+ Kc6 26. Qxh3 Bxd4 27. Qf3+ Kb6 28. Ne6 Qg8 29. Nxd4 Qg1+ 30. Ke2 Qxa1 31. Bxa5+ Ka7 32. Nc6+ Kb7 33. Nxb8+ Kxb8 34. Qf8+ Kb7 35. Qxe7+ Kc6 36. Qe8+ Kd5 37. Qa8+ Ke5 38. Bc3+ Ke6 39. Qxa6 Kd5 40. Qxb5+ 1-0

[Event "Frydek Mistek (Women)"]
[Site "Frydek Mistek"]
[Date "1997.??.??"]
[Round "?"]
[White "Safranska, Anda"]
[Black "Malashenko, Alyona"]
[Result "1-0"]
[WhiteElo "2305"]
[BlackElo "2250"]
[PlyCount "145"]
[EventDate "1997.??.??"]
[EventType "tourn"]
[EventRounds "9"]
[EventCountry "CZE"]
[SourceTitle "EXT 1998"]
[Source "ChessBase"]
[SourceDate "1997.11.17"]
[SourceVersion "1"]
[SourceVersionDate "1997.11.17"]
[SourceQuality "1"]

1. e4 e6 2. d4 d5 3. Nd2 Nf6 4. e5 Nfd7 5. f4 c5 6. c3 Nc6 7. Ndf3 Qb6 8. Ne2 cxd4 9. cxd4 f6 10. g3 Bb4+ 11. Nc3 0-0 12. Bh3 fxe5 13. fxe5 Ndxe5 14. dxe5 d4 15. 0-0 dxc3+ 16. Kh1 Rd8 17. Qa4 Bd7 18. Qb3 Na5 19. Qc2 cxb2 20. Qxb2 Rac8 21. Rb1 Bc5 22. Qc2 Qc6 23. Bg2 Be7 24. Qf2 Qc2 25. Bd2 Bc5 26. Nd4 Qa4 27. Qf7+ Kh8 28. Nxe6 Bxe6 29. Qxe6 Re8 30. Qf5 Rf8 31. Qh5 b6 32. e6 Nc6 33. Bc3 Qc4 34. Bxg7+ Kxg7 35. Rf7+ Rxf7 36. Qxf7+ Kh8 37. Qf6+ Kg8 38. Bxc6 Be7 39. Qf7+ Kh8 40. Bg2 Qd3 41. Rg1 Bg5 42. Rf1 Qg6 43. h4 Be3 44. Qxg6 hxg6 45. Be4 g5 46. Bg6 Bc5 47. Rf7 gxh4 48. gxh4 a5 49. h5 Re8 50. Rh7+ Kg8 51. Rb7 Re7 52. Bf7+ Kg7 53. Rb8 Rc7 54. a4 Be3 55. Kg2 Bd4 56. Kf3 Bc5 57. Ke4 Be7 58. Kd3 Bc5 59. Rg8+ Kh7 60. Ra8 Be7 61. Kd4 Bf6+ 62. Kd5 Be7 63. Rb8 Bc5 64. Kc4 Kg7 65. Kb5 Ra7 66. Kc6 Be3 67. Rg8+ Kh7 68. Rd8 Re7 69. Rd7 Bc5 70. Rxe7 Bxe7 71. Kd7 Bc5 72. e7 Bxe7 73. Kxe7 1-0